000 00433nam a22001817a 4500
003 koha_MIRAKIL
005 20231213095419.0
008 231213b |||||||| |||| 00| 0 ||| d
020 _b978-9-75071030-8
040 _aTR-IsEVY
_btur
_cTR-IsEVY
082 _a810 HEA/K
100 _aHEARN, LAFCADIO.
245 0 _aKVAİDAN.
260 _bCAN ÇOCUK,
_c1990
300 _a[ ] p.
650 _aTürk Edebiyatı.
942 _2ddc
_cBK
999 _c3217
_d3217